| 000 | 00929nam a2200229Ii 4500 | ||
|---|---|---|---|
| 003 | JO-AjNU | ||
| 008 | 230605s9999||||xx |||||||||||||| ||und|| | ||
| 017 | _a1999/16923 | ||
| 020 | _a977-282-068-4 | ||
| 040 |
_aJO-AjNU _bara _erda _cJO-AjNU |
||
| 041 | _aara | ||
| 050 | 1 | 4 | _aHF1359. F7412 2001 |
| 100 | 3 |
_aتأليف فريدمان، توماس ل ؛ ترجمة ليلى زيدان ؛ مراجعة فايزة حكيم, _eauthor _956349 |
|
| 245 | 0 | 0 | _a The lexus and the olive tree understanding globaliztion = السيارة ليكساس وشجرة الزيتون : محاولة لفهم العولمة |
| 250 | _aط2 | ||
| 264 | 3 | 1 | _aالقاهرة: الدار الدولية للنشر والتوزيع، 2001 |
| 300 | _a589ص | ||
| 336 |
_atext _btxt _2rdacontent |
||
| 337 |
_aunmediated _bn _2rdamedia |
||
| 338 |
_avolume _bnc _2rdacarrier |
||
| 650 | 4 |
_a العولمة - جوانب اقتصادية _956350 |
|
| 999 |
_aA25187 _c28755 _d28755 |
||